| 000 | 00000nas 2200000za 4500 |
| 001 | 9.812062 |
| 003 | CaOODSP |
| 005 | 20221107141230 |
| 007 | cr ||||||||||| |
| 008 | 160229d19761991oncar p oss f000#b0fre|d |
| 022 | |y0706-3652 |
| 040 | |aCaOODSP|bfre |
| 041 | |aeng|afre |
| 043 | |an-cn--- |
| 086 | 1 |aCS81-204-PDF |
| 245 | 00|aUniversities, enrolment and degrees |h[ressource électronique] / |cStatistics Canada, Education, Science and Culture Division, Post-secondary Education Section = Universités, inscriptions et grades décernés / Statistique Canada, Division de l'éducation, des sciences et de la culture, Section de l'enseignement postsecondaire. |
| 246 | 11|aUniversités, inscriptions et grades décernés |
| 260 | |aOttawa : |bStatistique Canada, |c1978-1994. |
| 310 | |aAnnuel |
| 362 | 0 |a1976-1991. |
| 500 | |aÉdition numérisée de l’imprimé [par Statistique Canada]. |
| 546 | |aTexte en anglais et en français. |
| 580 | |aFusion de : Inscriptions d'automne aux universités; et, Grades, diplômes et certificats décernés par les universités. |
| 580 | |aFusionné avec : Bulletin des statistiques de l'éducation; Universités, inscriptions et grades décernés; Statistiques financières de l'éducation; Effectifs des écoles élémentaires et secondaires; Frais de scolarité et de subsistance dans les universités canadiennes; Statistique de l'enseignement-estimations; Enseignants dans les universités; Personnel d'enseignement des collèges communautaires et des écoles de formation professionnelle; Langue de la minorité et langue seconde dans l'enseignement, niveaux élémentaire et secondaire; Traitements et échelles de traitement des enseignants à plein temps des universités canadiennes; Finance des universités, analyses des tendances; Collèges communautaires et établissements analogues, effectif et diplômés postsecondaires; Traitements et échelles de traitement des enseignants à plein temps des universités canadiennes (preliminaire); and, Traitements et échelles de traitement des enseignants à plein temps des universités canadiennes (supplément); et devient: Revue trimestrielle de l'éducation. |
| 692 | 07|2gccst|aEnseignement postsecondaire |
| 710 | 1 |aCanada.|bStatistique Canada.|bSection de l'enseignement postsecondaire. |
| 780 | 00|tFall enrolment in universities |w(CaOODSP)9.812059 |
| 780 | 00|tDegrees, diplomas and certificates awarded by universities |w(CaOODSP)9.862767 |
| 791 | |tUniversities, enrolment and degrees |eeng|w(CaOODSP)9.812061 |